00250nam a2200109Ia 4500008004100000100001700041245002500058260002200083650001300105942000700118999001500125190216s9999||||xx |||||||||||||| ||und|| aRadhaswami M 0aInflation Accounting bSulthan Chand &co aCommerce cBK c4824d4824